[Event "HUN-chT2 Charousek 0001"]
[Site "Hungary"]
[Date "2001.04.22"]
[Round "11"]
[White "Kun, Gabor"]
[Black "Nagy, Mihaly"]
[Result "1-0"]
[WhiteElo "2260"]
[BlackElo "2112"]
[PlyCount "61"]
[EventDate "2000.11.26"]
[EventType "team"]
[EventRounds "11"]
[EventCountry "HUN"]
[SourceTitle "EXT 2007"]
[Source "ChessBase"]
[SourceDate "2006.11.23"]
[SourceVersion "1"]
[SourceVersionDate "2006.11.23"]
[SourceQuality "1"]
[WhiteTeam "Budapest Spartacus"]
[BlackTeam "Husi"]
[WhiteTeamCountry "HUN"]
[BlackTeamCountry "HUN"]

1. e4 c5 2. c3 d5 3. exd5 Qxd5 4. d4 Nf6 5. Nf3 e6 6. Be2 Nc6 7. 0-0 Be7 8. Na3 0-0 9. Nb5 Qd8 10. dxc5 Bxc5 11. Bf4 Nd5 12. Bg3 a6 13. Nc7 Nxc7 14. Qxd8 Rxd8 15. Bxc7 Rd7 16. Bg3 b6 17. Rfd1 Raa7 18. Bd3 f5 19. Bc4 Rxd1+ 20. Rxd1 b5 21. Bb3 h6 22. Ne5 Nxe5 23. Rd8+ Kf7 24. Rxc8 Nd3 25. Rc6 Re7 26. Kf1 Ba7 27. Bd6 Rd7 28. Ba3 Nf4 29. Rxa6 Bb8 30. Rb6 Bc7 31. Rxb5 1-0